000 01210nam a22003497a 4500
003 CHAP
005 20220817043131.0
008 971013s1988 r 00010 d
010 _a66500
011 _a67472
035 _a76942
040 _cCHAP
090 _aTesis
100 0 0 _aMena Muñoz, José Felipe.
_974532
245 _aEvaluación de tres cultivares de manzana (Malus pumila Mill.) de bajo requerimiento de frío, en Chapingo, México
260 _aChapingo, Méx. :
_bEl autor,
_c1988
300 _a48 h.
_b: ilus.
500 _a28-112
502 _aTesis (Ing. Agrónomo. Esp. en Fitotecnia). --UACH. Departamento de Fitotecnia
590 _aALEPH
_b10
_c20130110
_lUCH01
_h1401
590 _aBATCH-UPD
_b10
_c20130110
_lUCH01
_h0747
590 _aBATCH-UPD
_b10
_c20130410
_lUCH01
_h0428
590 _aBATCH-UPD
_b10
_c20130914
_lUCH01
_h1745
590 _aCONVERSION
_b10
_c20130109
_lUCH01
_h1337
650 1 4 _aManzana
_xMéxico (Edo.)
_970788
650 1 4 _aManzana
_xResistencia al frío.
_970803
710 _aUACH. Departamento de Fitotecnia
901 _aBK
942 _cFOLL
949 _bBC
_cTES
_d-29801
_eTS1
_h21151
_i76942
_si
949 _bBC
_cTES
_d-94629
_eTS2
_fc.2
_h21152
_i76942
_si
999 _c66500
_d66500